00710nam a2200205 a 450000100100000000500170001000800410002702000150006804000250008308200150010810000340012324500800015726000340023730000350027149000200030650000700032650000730039650000150046983000200048400004458720201002045500.0140718s1997 mx ac 000 0 spa d a9681903455 aDO-SdBNPbspacBNPHU axxxxbxxxx1 aCastañeda, Jorge G.,c1953-13aLa vida en rojo :buna biografía del Che Guevara /cJorge G. Castañeda. aMéxico :bAlfaguara,c1997. a557 p. :bil. retrs. ;c24 cm.1 aExtra Alfaguara aIncluye datos biográficos del autor en la solapa de la cubierta aIncluye referencias bibliográficas y notas al pie de las páginas aEn proceso 0aExtra Alfaguara